| 000 | 00666cam a2200205 i 4500 | ||
|---|---|---|---|
| 999 |
_c7266 _d7266 |
||
| 003 | OSt | ||
| 005 | 20191121105530.0 | ||
| 008 | 191121e201806 spc|||| |||| 000 0dspa|d | ||
| 020 | _a9788491802167 | ||
| 040 |
_aES-BaUOC _bcat _cCDMR |
||
| 100 | 1 |
_aSemir, Vladimir de, _d1948- |
|
| 245 | 1 | 0 |
_aDe la linotipia al ordenador _b: crónica biográfica de 40 años de periodismo _c/ Vladimir de Semir |
| 264 | 1 |
_aBarcelona : _bUOC, _c2018 |
|
| 300 |
_a213 p. ; _c24 cm |
||
| 600 | 1 | 7 |
_aSemir, Vladimir de, _d1948- _2lemac |
| 650 | 0 | 4 |
_aMitjans de comunicació de massa _xHistòria |
| 650 | 0 | 4 |
_aPeriodisme _xHistòria |
| 650 | 7 |
_aPeriodisme científic _2lemac |
|
| 942 |
_cMON _2udc |
||